| 000 | 01698nam a2200421Ii 4500 | ||
|---|---|---|---|
| 001 | DIGPUVAL0235 | ||
| 003 | NyNyDIG | ||
| 008 | 150801t20112011sp a ob 000 0 spa d | ||
| 006 | m o d | ||
| 007 | cr ||||||||||| | ||
| 035 | _a(OCoLC)991928331 | ||
| 040 |
_aDGITA _beng _erda _epn _cDGITA |
||
| 020 |
_a9788437084978 _q(eBook ; _qePub ; _qpdf) |
||
| 020 | _z8437078938 | ||
| 020 | _z9788437078939 | ||
| 050 | 1 | 4 | _aTL795.4 eBook |
| 100 | 1 |
_aIranzo Greus, David, _eauthor. |
|
| 245 | 1 | 0 |
_aDe la tierra al espacio : _bcómo funciona la tecnología que nos ayuda desde el exterior / _cDavid Iranzo Greus. |
| 250 | _aEdición digital. | ||
| 264 | 1 |
_aValencia : _bPublicacions de la Universitat de València : _bCátedra de Divulgació de la Ciència, _c2011. |
|
| 264 | 4 | _c©2011 | |
| 300 |
_a1 online resource (178 pages) : _billustrations. |
||
| 336 |
_atext _btxt _2rdacontent |
||
| 337 |
_acomputer _bc _2rdamedia |
||
| 338 |
_aonline resource _bcr _2rdacarrier |
||
| 490 | 1 | _aSin fronteras | |
| 504 | _aIncludes bibliographical references. | ||
| 588 | 0 | _aOnline resource; title from PDF and ePub title page (Digitalia, viewed July 8, 2015) | |
| 650 | 0 | _aArtificial satellites. | |
| 655 | 0 | _aElectronic books. | |
| 791 | 2 |
_aDigitalia (Firm), _edistributor. |
|
| 793 | 0 |
_gDigitalia eBook Collection: _aUniversitat de València. |
|
| 776 | 0 | 8 |
_iPrint version: _aIranzo Greus, David. _tDe la tierra al espacio. _dValencia : Publicacions de la Universitat de València, 2011. _z9788437078939 |
| 830 | 0 | _aSin fronteras (Valencia, Spain) | |
| 856 | 4 | 0 |
_3Digitalia Hispánica _uhttps://www.digitaliapublishing.com/a/34970/ |
| 910 | _aPremium Collection: 2015 | ||
| 942 | _cRAA | ||
| 999 |
_c242742 _d242742 |
||